000 01170cab a2200277 4500
001 ABS59226
008 090401t1998 xxu||||| |||| 00| 0 eng d
035 _a(Sirsi) u99526
041 _aeng
100 _aMarston, J
245 4 _aThe Treasure Act 1996: Code of practice and home office circular on trreasure inquests
260 _c1998
350 _a0
490 _aThe Conveyancer
_v(62) July/August 1998, 252-266(15)
520 _aThe statutory framework created by the Treasure Act 1996 was supplemented by a Code of Practice which provided for the many practical matters connected with the finding and disposal of material suspected of being treasure. The Code and the 1996 Act came into force on 24 September 1997 and applies to items found after that date. Outlines the duties of the finder, the coroner, considers the valuation of the treasure and the rights of the landowner.
650 _aCODE OF PRACTICE
650 _aCORONERS
650 _aINQUESTS
650 _aREWARDS
650 _aTREASURE ACT 1996
650 _aValuation
_96273
690 _aPROPERTY LAW AND PRACTICE
700 _aRoss, L
942 _n0
948 _c10/08/1998
999 _c59928
_d59928